Gestión administrativa y pedagógica, en Centros Públicos del Nivel Medio de los Distritos Educativos 01 y 02 de la Regional 05, San Pedro de Macorís, Período 2007-2008 (Record no. 2660)

MARC details
000 -LEADER
campo de control de longitud fija 03081nam a2200553Ia 4500
001 - NÚMERO DE CONTROL
campo de control 2828
008 - DATOS DE LONGITUD FIJA--INFORMACIÓN GENERAL
campo de control de longitud fija 241029s9999 xx 000 0 und d
010 ## - NÚMERO DE CONTROL DE LA BIBLIOTECA DEL CONGRESO
Número de control de LC 2660
041 ## - CÓDIGO DE IDIOMA
Código de lengua del texto/banda sonora o título independiente Español
082 ## - NÚMERO DE LA CLASIFICACIÓN DECIMAL DEWEY
Número de clasificación 2009-9886
245 #0 - MENCIÓN DEL TÍTULO
Título Gestión administrativa y pedagógica, en Centros Públicos del Nivel Medio de los Distritos Educativos 01 y 02 de la Regional 05, San Pedro de Macorís, Período 2007-2008
260 ## - PUBLICACIÓN, DISTRIBUCIÓN, ETC.
Lugar de publicación, distribución, etc. San Pedro de Macorís
300 ## - DESCRIPCIÓN FÍSICA
Extensión 86
520 ## - RESUMEN, ETC.
Sumario, etc. 37
520 ## - RESUMEN, ETC.
Sumario, etc. El Objetivo General que se planteóesta investigaciónfue proponer líneas de acción encaminadas a dinamizar, consensuar y horizontalizar la gestión administrativa y pedagógica de los diferentes centros de Media, que pertenecen a los Distritos Educativos 01 y 02 de la Regional 05, de San Pedro de Macorís.El tipo de estudio fue descriptivo y analítico, porque se analizaron y describieron las diferentes variables que puedan estar incidiendo en la ejecución de diferentes proyectos de gestión en los Centros Escolares del Nivel Medio, de los Distritos Educativos 01 y 02, bajo el enfoque mixto que toma en cuenta tanto lo cuantitativo como lo cualitativo de la Investigación. La Población objeto de estudio fue de120 maestros, de la cual se escogió una muestra de 20; 12 directivos de la cual se trabajó con la población total y 6000 estudiantes de la cual se escogió una muestra de 296. El estudio concluye en que los directivos en su mayoría consideran que su gestión asume una característica participativa. Así mismo, los docentes también entienden que la característica de la gestión de los directivos es democrática, participativa, descentralizada, creativa y novedosa.Se recomienda seguir  fortaleciendo los elementos positivos que resaltan los resultados de esta investigación .Que incluyan en las tomas de decisiones a los miembros de la comunidad y los demás actores del proceso educativo.  También, los directivos tienen que asumir modelos de gestión de vanguardia, modernista, participativos, reflexivos y socializadores.
630 ## - PUNTO DE ACCESO ADICIONAL DE MATERIA--TÍTULO UNIFORME
Título uniforme Centros Educativos
630 ## - PUNTO DE ACCESO ADICIONAL DE MATERIA--TÍTULO UNIFORME
Título uniforme Gestión
630 ## - PUNTO DE ACCESO ADICIONAL DE MATERIA--TÍTULO UNIFORME
Título uniforme Nivel Medio
650 ## - PUNTO DE ACCESO ADICIONAL DE MATERIA--TÉRMINO DE MATERIA
Término de materia o nombre geográfico como elemento de entrada Gestión Educativa
690 ## - PUNTO DE ACCESO ADICIONAL DE MATERIA LOCAL--TÉRMINO DE MATERIA (OCLC, RLIN)
Término de materia o nombre geográfico como elemento inicial Elaborado
700 ## - ENTRADA AGREGADA--NOMBRE PERSONAL
Término indicativo de función/relación asesor
Nombre de persona Paulino, Laura
700 ## - ENTRADA AGREGADA--NOMBRE PERSONAL
Término indicativo de función/relación autor
Nombre de persona Sosa Mesa , Elsa Julia
700 ## - ENTRADA AGREGADA--NOMBRE PERSONAL
Término indicativo de función/relación autor
Nombre de persona Payano Alduey, Ruperto Enerio
901 ## - ELEMENTOS DE DATOS A LOCAL LDA (RLIN)
a {"1":" Sosa Mesa ","2":"Payano Alduey"}
b {"1":"Elsa Julia ","2":"Ruperto Enerio "}
902 ## - ELEMENTOS DE DATOS B LOCAL, LDB (RLIN)
a 1
903 ## - ELEMENTOS DE DATOS C LOCAL, LDC (RLIN)
a {"1":"Paulino"}
b {"1":"Laura"}
904 ## - ELEMENTOS DE DATOS D LOCAL, LDD (RLIN)
a Maestría en
905 ## - ELEMENTOS DE DATOS E LOCAL, LDE (RLIN)
a Gestión de Centros Educativos
906 ## - ELEMENTOS DE DATOS F LOCAL, LDF (RLIN)
a 2
907 ## - ELEMENTOS DE DATOS G LOCAL, LDG (RLIN)
a NO APLICA
908 ## - COLOCAR PARÁMETRO DE COMANDO (RLIN)
Colocar parámetro de comando NO APLICA
909 ## -
-- ISFODOSU, Recinto Juan Vicente Moscoso
910 ## - DATOS DE OPCIÓN DEL USUARIO (OCLC)
Datos de opción del usuario NULL
-- NULL
911 ## - EQUIVALENCIA O REFERENCIA-CRUZADA-NOMBRE DE CONFERENCIA O REUNIÓN/CONGRESO [LOCAL, CANADÁ]
Nombre de congreso/reunión o jurisdicción como elemento de entrada ["1"]
912 ## -
-- NO APLICA
913 ## -
-- NULL
914 ## -
-- 02 de Marzo de 2009
915 ## -
-- 18/07/15 04:07
916 ## -
-- NULL
917 ## -
-- NULL
918 ## -
-- NO APLICA
919 ## -
-- ["33","111","240"]
921 ## -
-- 2
922 ## -
-- 2
923 ## -
-- 0
924 ## -
-- NO APLICA
942 ## - ELEMENTOS DE ENTRADA SECUNDARIOS (KOHA)
Tipo de ítem Koha

No items available.

© 2024. Todos los Derechos Reservados. Desarrollado por IDEICE